| 000 | 01032nam a2200217 a 4500 | ||
|---|---|---|---|
| 001 | 17718435 | ||
| 008 | 160923s2014 ||||||||||||||||| || u | ||
| 010 | _a2013015509 | ||
| 020 | _a9780399165894 | ||
| 050 | _aPR 6058.I343D43 | ||
| 100 | _aHiggins, Jack | ||
| 245 | 1 | 4 |
_aThe death trade _cJack Higgins. |
| 260 |
_aLondon _bHarperCollinsPublishers _c2014 |
||
| 300 | _a340 pages | ||
| 350 | _a21.99 | ||
| 650 | _aENGLISH LANGUAGE | ||
| 995 |
_aFICTION Collection _e746771 _FCBU-MAIN LIBRARY (Kitwe) _jPR 6058.I343D43 _M1 _UAVAILABLE _WSep 23, 2016 _y746771 _ZFiction Collection |
||
| 995 |
_aFICTION Collection _D21.99 _e747771 _FCBU-KAPASA MAKASA LIBRARY (Chinsali) _jPR 6058.I343D43 _M4 _UAVAILABLE _WSep 19, 2017 _y747771 _ZFiction Collection |
||
| 995 |
_aFICTION Collection _e746866 _FCBU-SCHOOL OF MEDICINE LIBRARY (Ndola) _jPR 6058.I343D43 _M3 _UAVAILABLE _WSep 23, 2016 _y746866 _ZFiction Collection |
||
| 995 |
_aFICTION Collection _e746772 _FCBU-MAIN LIBRARY (Kitwe) _jPR6058.I343D43 _M2 _UAVAILABLE _WSep 23, 2016 _y746772 _ZFiction Collection |
||
| 999 |
_c63404 _d63404 |
||